Tilastot visalle Jordania-visa

Klikkaa tästä pelataksesi tätä visaa!

Yleistilastot

  • Tätä visaa on pelattu 43 kertaa
  • Keskiarvotulos 13 / 20

Vastaustilastot

VihjeVastaus% Oikein
NaapurimaatIrak
97%
NaapurimaatIsrael
97%
NaapurimaatSyyria
94%
Virallinen kieliArabia
94%
PääkaupunkiAmman
89%
NaapurimaatSaudi-Arabia
89%
Meri, jonka rannalla Jordania sijaitseePunainenmeri
86%
Järvi, jonka rannat ovat matalimmat maanpäälliset paikatKuollutmeri
83%
Kikherneistä valmistettava tahnaHummus
71%
Muinainen kaupunki, joka on Jordanian suosituin turistikohdePetra
66%
Jordan oli tämän valtion protektoraatti vuosina 1921–1946Yhdistynyt kuningaskunta
63%
ValuuttaDinaari
51%
Alue, jonka Jordania menetti vuonna 1967Länsiranta
51%
Tämänhetkinen kuningasAbdullah II
51%
Tuonaikainen nimiTransjordania
40%
Jordanian virallinen nimiJordanian {hašemiittinen}
kuningaskunta
37%
Merenlahti, jonka rannalla Jordania sijaitseeAkabanlahti
34%
Maan eteläosissa oleva laakso,
jossa on kuvattu Marsiin sijoittuvia elokuvia
Wadi Rum
31%
Kuningas vuosina 1952–1999Hussein
31%
Toiseksi väkirikkain metropoliIrbid
31%

Tulosjakauma

Persentiili vastausten määrän mukaan

Jokaisen tuloksen saaneiden osuus

Tuloshistoriasi

Et ole pelannut tätä visaa